| 000 | 00967cad a22002535a 4500 | ||
|---|---|---|---|
| 001 | L158949 | ||
| 008 | 121219e2015 xxk 000 0 eng d | ||
| 035 | _a(Sirsi) u158949 | ||
| 041 | 0 | _aeng | |
| 100 | 1 | _aBurke, Catherine | |
| 245 | 0 | 0 |
_aBalance of power _h[electronic resource] |
| 260 | _c2015 | ||
| 490 |
_aRICS Property Journal _vNovember 2015, 30-31(2) |
||
| 520 | _aExplains that using commercial roof space for solar panels can be a complicated matter, but there may be ways to simplify the process and ecourage the market to develop. | ||
| 650 | 2 | 4 | _aRENEWABLE ENERGY |
| 650 | 2 | 4 | _aSOLAR VOLTAIC INSTALLATIONS |
| 650 | 2 | 4 |
_aCommercial property _96227 |
| 650 | 2 | 4 | _aROOFSPACE |
| 651 | 4 |
_aUnited Kingdom _y |
|
| 690 |
_aSustainability _96271 |
||
| 710 |
_aRoyal Institution of Chartered Surveyors _94900 |
||
| 856 | 4 | 0 |
_uhttps://www.rics.org/uk/news/journals/property-journal _zView the journal free of charge at www.rics.org/journals... |
| 942 | _n0 | ||
| 999 |
_c84744 _d84744 |
||